[Event "Catalunya-ch Seniors"]
[Site "Malgrat del Mar"]
[Date "2023.05.21"]
[Round "8"]
[White "Capelles Prat, Ramon"]
[Black "Giro Castellet, Esteve"]
[Result "0-1"]
[WhiteElo "1692"]
[BlackElo "1612"]
[PlyCount "96"]
[EventDate "2023.05.14"]
[EventType "swiss"]
[EventRounds "8"]
[EventCountry "ESP"]
[SourceTitle "CBM 214 Extra"]
[Source "ChessBase"]
[SourceDate "2023.07.31"]
[SourceVersion "1"]
[SourceVersionDate "2023.07.31"]
[SourceQuality "1"]

1. d4 d5 2. c4 e6 3. Nc3 dxc4 4. e3 a6 5. a4 Bb4 6. Bxc4 Nf6 7. Qc2 b6 8. Nf3 Bb7 9. Be2 c5 10. dxc5 Bxc5 11. 0-0 0-0 12. Rd1 Qc7 13. Rd2 Nbd7 14. Qd1 Rad8 15. Qf1 Ng4 16. g3 Nxe3 17. Rxd7 Rxd7 18. Bxe3 Bxe3 19. fxe3 Qc5 20. Qf2 Rfd8 21. Rd1 Rxd1+ 22. Bxd1 Rd3 23. e4 Bxe4 24. Qxc5 bxc5 25. Nxe4 Rxd1+ 26. Kf2 Rb1 27. Nxc5 Rxb2+ 28. Ke3 a5 29. h4 Kf8 30. Nd4 Ke7 31. Ncb3 Ra2 32. Nxa5 Rxa4 33. Nac6+ Kd6 34. Nd8 Kd5 35. Nf3 f6 36. Nd2 Ra3+ 37. Kf2 Rd3 38. Nf3 Ke4 39. Nxe6 Rxf3+ 40. Kg2 g6 41. Nf8 Rd3 42. Nxh7 Kf5 43. g4+ Kxg4 44. Nxf6+ Kxh4 45. Ne4 g5 46. Nf2 Rg3+ 47. Kh2 g4 48. Ne4 Re3 0-1

[Event "Catalunya-ch Seniors"]
[Site "Malgrat del Mar"]
[Date "2023.05.20"]
[Round "7"]
[White "Ritter Aguilar, Jordi"]
[Black "Capelles Prat, Ramon"]
[Result "1-0"]
[WhiteElo "1724"]
[BlackElo "1692"]
[PlyCount "118"]
[EventDate "2023.05.14"]
[EventType "swiss"]
[EventRounds "8"]
[EventCountry "ESP"]
[SourceTitle "CBM 214 Extra"]
[Source "ChessBase"]
[SourceDate "2023.07.31"]
[SourceVersion "1"]
[SourceVersionDate "2023.07.31"]
[SourceQuality "1"]

1. e4 e6 2. Nf3 d5 3. e5 c5 4. b4 cxb4 5. d4 Nc6 6. Bd3 Qb6 7. Be3 Bd7 8. Nbd2 Na5 9. Qe2 Ne7 10. 0-0 Rc8 11. Ng5 Nf5 12. Qf3 Be7 13. g4 Bxg5 14. gxf5 Bxe3 15. fxe3 exf5 16. Rab1 Qg6+ 17. Kh1 Nc4 18. Nb3 b6 19. Rg1 Qh6 20. Rg3 g6 21. Re1 a5 22. Qg2 a4 23. Nd2 Nb2 24. Rh3 Qg7 25. Nf3 Nxd3 26. cxd3 Rc3 27. Qb2 Qf8 28. e6 Bxe6 29. Ne5 Qe7 30. Rb1 0-0 31. Rg1 Rfc8 32. Qf2 f4 33. Rf3 fxe3 34. Qxe3 Qc7 35. Rff1 Rc2 36. Qh6 Rf8 37. Nxg6 Rxh2+ 38. Qxh2 Qxh2+ 39. Kxh2 fxg6 40. Rb1 Rc8 41. Rxb4 Rc2+ 42. Rg2 Rc3 43. Rxa4 Rxd3 44. Rb2 Bd7 45. Ra7 Bf5 46. Rb4 b5 47. Ra5 h6 48. Kg1 Kf7 49. Kf2 Rd2+ 50. Ke3 Rc2 51. Rbxb5 Rc3+ 52. Kf4 Be4 53. Rb3 Rc4 54. Ke5 Rc6 55. a4 Re6+ 56. Kf4 Bc2 57. Rb4 Re4+ 58. Kg3 Re3+ 59. Kf2 Ra3 1-0

[Event "Catalunya-ch Seniors"]
[Site "Malgrat del Mar"]
[Date "2023.05.18"]
[Round "5"]
[White "Draghici Flutur, Gavril"]
[Black "Capelles Prat, Ramon"]
[Result "1-0"]
[WhiteElo "1968"]
[BlackElo "1692"]
[PlyCount "56"]
[EventDate "2023.05.14"]
[EventType "swiss"]
[EventRounds "8"]
[EventCountry "ESP"]
[SourceTitle "CBM 214 Extra"]
[Source "ChessBase"]
[SourceDate "2023.07.31"]
[SourceVersion "1"]
[SourceVersionDate "2023.07.31"]
[SourceQuality "1"]

1. e4 e6 2. d4 d5 3. Nc3 c5 4. exd5 exd5 5. dxc5 d4 6. Nb5 Bxc5 7. Bf4 Na6 8. Bc4 Ne7 9. Nf3 Bg4 10. Bxf7+ Kxf7 11. Ne5+ Ke8 12. Qxg4 Qa5+ 13. Bd2 Qxb5 14. Qxg7 Rf8 15. 0-0-0 Bd6 16. Rhe1 Rc8 17. Bh6 Rxc2+ 18. Kxc2 Rxf2+ 19. Rd2 Rxd2+ 20. Bxd2 Bxe5 21. Qxe5 Nb4+ 22. Bxb4 Qxb4 23. a4 Qc4+ 24. Kd2 Qf7 25. Qb8+ Kd7 26. Qxb7+ Kd6 27. Qxe7+ Qxe7 28. Rxe7 Kxe7 1-0

[Event "Catalunya-ch Seniors"]
[Site "Malgrat del Mar"]
[Date "2023.05.14"]
[Round "1"]
[White "Palacin Martin, Ricardo"]
[Black "Capelles Prat, Ramon"]
[Result "0-1"]
[WhiteElo "2007"]
[BlackElo "1692"]
[PlyCount "174"]
[EventDate "2023.05.14"]
[EventType "swiss"]
[EventRounds "8"]
[EventCountry "ESP"]
[SourceTitle "CBM 214 Extra"]
[Source "ChessBase"]
[SourceDate "2023.07.31"]
[SourceVersion "1"]
[SourceVersionDate "2023.07.31"]
[SourceQuality "1"]

1. d4 Nf6 2. c4 e6 3. Nc3 Bb4 4. Bd2 0-0 5. Nf3 c5 6. d5 exd5 7. cxd5 d6 8. g3 Bg4 9. Bg2 a6 10. 0-0 h6 11. Re1 Nbd7 12. e4 Ne5 13. h3 Nxf3+ 14. Bxf3 Bxh3 15. a3 Ba5 16. Rb1 Qd7 17. b4 cxb4 18. axb4 Bb6 19. Be3 Bxe3 20. Rxe3 Bg4 21. Bxg4 Qxg4 22. Qe1 Rac8 23. Kg2 Rfe8 24. f3 Qg6 25. Rb2 Nd7 26. Ne2 Qf6 27. Ra2 Rc4 28. Nf4 Rec8 29. Rae2 Rc1 30. Qf2 Rb1 31. Nd3 Qg5 32. Re1 Rxe1 33. Rxe1 Rc3 34. f4 Qe7 35. Qd2 Rc4 36. e5 dxe5 37. fxe5 Rd4 38. d6 Qe6 39. Qc3 Qd5+ 40. Kh3 Rxd3 41. Qc8+ Nf8 42. Rc1 Qe6+ 43. Qxe6 fxe6 44. Rc7 b5 45. Ra7 Rd5 46. Ra8 Kf7 47. Ra7+ Kg6 48. Rxa6 Nd7 49. Ra7 Nxe5 50. Rb7 Rxd6 51. Rxb5 Kf5 52. Rc5 Rd5 53. Rc7 g6 54. Rc1 g5 55. Rf1+ Kg6 56. Rb1 g4+ 57. Kg2 Kf5 58. Kf2 Rd2+ 59. Kf1 Rd3 60. Kf2 Ke4 61. b5 Nc4 62. b6 Nxb6 63. Rxb6 Rd2+ 64. Ke1 Rg2 65. Rxe6+ Kf3 66. Rxh6 Kxg3 67. Ra6 Rg1+ 68. Ke2 Kg2 69. Ra2 g3 70. Ke3+ Kh3 71. Ra8 Rf1 72. Rh8+ Kg2 73. Rg8 Rf7 74. Rg6 Re7+ 75. Kf4 Rf7+ 76. Ke3 Ra7 77. Rg8 Ra3+ 78. Ke2 Kh2 79. Rh8+ Kg1 80. Rg8 g2 81. Rg7 Ra2+ 82. Ke1 Ra1+ 83. Ke2 Rf1 84. Rg8 Rf7 85. Rg6 Re7+ 86. Kf3 Kf1 87. Rxg2 Rf7+ 0-1

[Event "Platja d'Aro op 8th"]
[Site "Platja d'Aro"]
[Date "2021.06.26"]
[Round "2"]
[White "Garraza Obaldia, Esteban"]
[Black "Capelles Prat, Ramon"]
[Result "1-0"]
[WhiteElo "1968"]
[BlackElo "1792"]
[PlyCount "55"]
[EventDate "2021.06.25"]
[EventType "swiss"]
[EventRounds "9"]
[EventCountry "ESP"]
[SourceTitle "CBM 203 Extra"]
[Source "ChessBase"]
[SourceDate "2021.09.30"]
[SourceVersion "1"]
[SourceVersionDate "2021.09.30"]
[SourceQuality "1"]

1. e4 e6 2. d4 d5 3. Nd2 c5 4. exd5 Qxd5 5. Ngf3 cxd4 6. Bc4 Qd8 7. 0-0 Nf6 8. Nb3 Nc6 9. Nbxd4 Nxd4 10. Nxd4 Be7 11. b3 0-0 12. Bb2 a6 13. Qf3 Qc7 14. Rfe1 Rd8 15. Bd3 Qb6 16. Nf5 Bb4 17. Bxf6 Rxd3 18. Qxd3 Bxe1 19. Rxe1 e5 20. Ne7+ Kf8 21. Nxc8 Qxf6 22. Qd6+ Qxd6 23. Nxd6 Rd8 24. Nc4 f6 25. Kf1 b5 26. Ne3 g6 27. Rd1 Rxd1+ 28. Nxd1 1-0

[Event "Catalunya-ch Seniors"]
[Site "Vila Seca"]
[Date "2017.05.20"]
[Round "1"]
[White "Capelles Prat, Ramon"]
[Black "Fernandez Vicente, Carmelo"]
[Result "0-1"]
[WhiteElo "1813"]
[BlackElo "2047"]
[PlyCount "144"]
[EventDate "2017.05.20"]
[EventType "swiss"]
[EventRounds "9"]
[EventCountry "ESP"]
[SourceTitle "CBM 178 Extra"]
[Source "ChessBase"]
[SourceDate "2017.06.22"]
[SourceVersion "1"]
[SourceVersionDate "2017.06.22"]
[SourceQuality "1"]

1. d4 Nf6 2. c4 e6 3. Nc3 c5 4. e3 b6 5. Nf3 Bb7 6. d5 exd5 7. cxd5 g6 8. e4 d6 9. Bb5+ Nfd7 10. 0-0 Bg7 11. Bg5 f6 12. Bf4 Qe7 13. Bxd7+ Nxd7 14. Nb5 Ne5 15. Re1 0-0 16. Qb3 a6 17. Na3 b5 18. Qd1 c4 19. Nxe5 dxe5 20. Bd2 f5 21. Nc2 a5 22. f3 Rfc8 23. a3 Qd6 24. Rc1 f4 25. Kh1 Kh8 26. Rg1 Rd8 27. g4 Bf8 28. Qe2 Qb6 29. h4 Bc5 30. Rg2 Ba6 31. Bc3 Bd4 32. Qd2 Bxc3 33. Qxc3 Re8 34. Rd1 Rab8 35. b4 cxb3 36. Qxb3 Qd6 37. Ne1 b4 38. axb4 Rxb4 39. Qa3 Qd8 40. Rc1 Bf1 41. Rh2 Qb6 42. Nc2 Rb3 43. Qa4 Qb5 44. Qxb5 Bxb5 45. Ne1 a4 46. Ra2 Re7 47. Kg2 Ra7 48. Rd1 a3 49. Kf2 Kg7 50. Kg2 Bd3 51. Rdd2 Bb1 52. Ra1 a2 53. Kf2 Kf7 54. Ng2 Ke7 55. Ne1 Raa3 56. Ke2 Kd7 57. Kd1 Ra4 58. Ke2 Re3+ 59. Kd1 Kd6 60. Rb2 Rd4+ 61. Rd2 h6 62. Rxd4 exd4 63. Kd2 Rb3 64. Kc1 g5 65. hxg5 hxg5 66. Nc2 Rc3 67. Rxb1 axb1Q+ 68. Kxb1 d3 69. Nd4 Rc4 70. Nb3 Rb4 71. Kb2 d2 72. Kc2 Rxb3 0-1

[Event "Catalunya-ch Seniors"]
[Site "Santa Susanna"]
[Date "2013.05.06"]
[Round "3"]
[White "Capelles Prat, Ramon"]
[Black "Mas Recorda, Pere"]
[Result "0-1"]
[WhiteElo "1913"]
[BlackElo "2046"]
[PlyCount "82"]
[EventDate "2013.05.04"]
[EventType "swiss"]
[EventRounds "9"]
[EventCountry "ESP"]
[SourceTitle "CBM 154 Extra"]
[Source "ChessBase"]
[SourceDate "2013.06.25"]
[SourceVersion "2"]
[SourceVersionDate "2013.06.25"]
[SourceQuality "1"]

1. d4 e6 2. Nf3 Nf6 3. c4 c5 4. e3 b6 5. g3 Be7 6. Bg2 Bb7 7. 0-0 0-0 8. Nc3 d6 9. d5 exd5 10. cxd5 Nbd7 11. e4 a6 12. a4 Qc7 13. Nh4 Ne8 14. Nf5 Bf6 15. f4 g6 16. Nh6+ Kh8 17. Ng4 Bd4+ 18. Kh1 f5 19. Nf2 Ndf6 20. Qd3 Ng7 21. Ne2 Bxf2 22. Rxf2 Nxe4 23. Bxe4 fxe4 24. Qxe4 Rae8 25. Qd3 Qf7 26. Kg1 Qxd5 27. Qxd5 Bxd5 28. Bd2 Bc4 29. Nc3 Re7 30. Re1 Rfe8 31. Rxe7 Rxe7 32. Rf3 d5 33. Nd1 d4 34. Rf2 Nf5 35. b4 Be2 36. Nb2 c4 37. Rxe2 Rxe2 38. Nxc4 b5 39. axb5 axb5 40. Kf1 Rxh2 41. Kg1 Re2 0-1